000 00900nam a2200229 4500
001 148653
003 ES-MaACL
005 20250901063221.0
007 t|
008 070214s1977 sp r ||||1| spa d
100 1 _aSuárez, Adolfo,
_d1932-2014
_9164828
245 1 0 _aMensaje al pueblo español del presidente del Gobierno, don Adolfo Suárez González :
_btransmitido por Televisión Española y Radio Nacional, en la noche del 29 de enero de 1977 /
_cAdolfo Suárez González.
260 _aMadrid :
_bEdiciones del Movimiento,
_c1977.
300 _a13 p., 1 lám. ;
_c21 cm.
651 4 _aEspaña-
_xHistoria-
_y1975-1982, Transición.
_9149272
710 2 _aTelevisión Española.
_96933
710 2 _aRadio Nacional de España
_96282
710 2 _aEdiciones del Movimiento.
_9171800
852 _aES-MaACL
_j2093-F-9
852 _aES-MaACL
_j2093-F-10
999 _c148653
_d148653